000
00286nam a22001337a 4500
008
170928b xxu||||| |||| 00| 0 eng d
020
_a
9780495501084
041
_a
eng
080
_2
6TH
_a
37
100
_a
47
101
_a
EDU
245
_a
AMERICA ATODDS
_c
SIDLOW,E
942
_2
udc
_c
BK
999
_c
30463
_d
30463